Vai trò của nhà nước trong tăng trưởng kinh tế và bảo vệ môi trường /
保存先:
| 第一著者: | |
|---|---|
| フォーマット: | 論文 |
| 言語: | Vietnamese |
| 主題: | |
| タグ: |
タグ追加
タグなし, このレコードへの初めてのタグを付けませんか!
|
| Thư viện lưu trữ: | Thư viện Trường Đại học Đà Lạt |
|---|
| LEADER | 00883nam a2200277 4500 | ||
|---|---|---|---|
| 001 | DLU180186965 | ||
| 005 | ##20180911 | ||
| 040 | # | # | |a DLU |b vie |
| 041 | # | # | |a vie |
| 044 | # | # | |a vn |
| 100 | # | # | |a Phạm Thị Lê Ngọc. |
| 245 | # | # | |a Vai trò của nhà nước trong tăng trưởng kinh tế và bảo vệ môi trường / |c Phạm Thị Lê Ngọc. |
| 653 | # | # | |a Ô nhiễm môi trường |
| 653 | # | # | |a Bảo vệ môi trường |
| 653 | # | # | |a Biến đổi khí hậu |
| 653 | # | # | |a Quản lý nhà nước |
| 653 | # | # | |a Tăng trưởng kinh tế |
| 773 | # | # | |t Văn hoá Nghệ thuật |g Số 400, 2017, tr. 7-9 |
| 920 | # | # | |a Phòng Tạp chí -- Trung tâm Thông tin - Thư viện Trường Đại học Đà Lạt |
| 900 | # | # | |a True |
| 911 | # | # | |a Hoàng Thị Huyền |
| 925 | # | # | |a G |
| 926 | # | # | |a A |
| 927 | # | # | |a BB |
| 980 | # | # | |a Thư viện Trường Đại học Đà Lạt |